Business through correspondence and advertising / (Record no. 69748)

MARC details
000 -LEADER
fixed length control field 00789nam a22002177a 4500
005 - DATE AND TIME OF LATEST TRANSACTION
control field 20120906115416.0
008 - FIXED-LENGTH DATA ELEMENTS--GENERAL INFORMATION
fixed length control field 120906t xxu||||| |||| 00| 0 eng d
010 ## - LCCN (DPL NO)
LC control number ENG-105791
020 ## - INTERNATIONAL STANDARD BOOK NUMBER
International Standard Book Number 978818573360
Terms of availability 495.00
035 ## - SYSTEM CONTROL NUMBER
System control number EN-89324
037 ## - SOURCE OF ACQUISITION
Source of stock number/acquisition DBAD/PUB
040 ## - CATALOGING SOURCE
Original cataloging agency DPL
Language of cataloging English
082 ## - DEWEY DECIMAL CLASSIFICATION NUMBER
Classification number 659.1
100 ## - MAIN ENTRY--PERSONAL NAME
9 (RLIN) 52052
Personal name Williams, Mark
245 ## - TITLE STATEMENT
Title Business through correspondence and advertising /
Statement of responsibility, etc by Mark Williams
260 ## - PUBLICATION, DISTRIBUTION, ETC. (IMPRINT)
Place of publication, distribution, etc Chandigarh
Name of publisher, distributor, etc White Leaf International
Date of publication, distribution, etc 2011
270 ## - ADDRESS
Address S.C.O. 57-59, Sector-17C Basement
City Chandigarh
Postal code 17
300 ## - PHYSICAL DESCRIPTION
Extent 251p.
Dimensions 23cm(Hb)
942 ## - ADDED ENTRY ELEMENTS (KOHA)
Source of classification or shelving scheme Dewey Decimal Classification
Item type English Books
Classification part 659.1
Call number suffix WIL
Holdings
Withdrawn status Lost status Source of classification or shelving scheme Damaged status Not for loan Collection code Home library Current library Date acquired Source of acquisition Cost, normal purchase price Total Checkouts Full call number Barcode Date last seen Copy number Cost, replacement price Koha item type
    Dewey Decimal Classification   Not For Loan Non-fiction D.B.Act.Division D.B.Act.Division 06/09/2012 DBAD / PUB 495.00   659.1 WIL EN-89324 06/09/2012 1 495.00 English Books

© Delhi Public Library
Hit Counter
free hit counter